[Event "10th Novi Sad it"]
[Site "Novi Sad"]
[Date "1983.11.04"]
[EventDate "1983.10.22"]
[Round "10.1"]
[White "Bjelajac, Milan"]
[Black "Jevtic, Miodrag"]
[Result "0-1"]
[WhiteElo "2405"]
[BlackElo "2270"]
[PlyCount "84"]
[Source "Perpetual Check"]

1. e4 c5 2. c3 d5 3. exd5 Qxd5 4. d4 e6 5. Nf3 Nf6 6. Be2 Be7 7. O-O O-O 8. c4
Qd8 9. Nc3 cxd4 10. Nxd4 Bd7 11. Bf3 Nc6 12. Nxc6 Bxc6 13. Bxc6 Qxd1 14. Rxd1
bxc6 15. h3 Rfd8 16. Be3 Rxd1+ 17. Rxd1 Kf8 18. Kf1 Ke8 19. b3 a6 20. Na4 Rd8
21. Rxd8+ Kxd8 22. Bb6+ Kc8 23. Bc5 Bxc5 24. Nxc5 a5 25. Ke2 Kc7 26. Ke3 e5 27.
Ne4 Nxe4 28. Kxe4 Kd6 29. Kf5 f6 30. a3 c5 31. g4 Ke7 32. g5 Kf7 33. f3 Ke7 34.
h4 Kf7 35. h5 Ke7 36. h6 gxh6 37. gxf6+ Kf7 38. Kxe5 h5 39. Kf5 h4 40. Kg4 Kxf6
41. Kxh4 Kf5 42. Kg3 Kg5 0-1

[Event "10th Novi Sad it"]
[Site "Novi Sad"]
[Date "1983.11.01"]
[EventDate "1983.10.22"]
[Round "10.3"]
[White "Sunye Neto, Jaime"]
[Black "Cabrilo, Goran"]
[Result "0-1"]
[WhiteElo "2490"]
[BlackElo "2450"]
[PlyCount "64"]
[Source "Perpetual Check"]

1. c4 g6 2. g3 Bg7 3. Bg2 d6 4. Nc3 Nf6 5. e4 O-O 6. Nge2 c5 7. O-O Nc6 8. d3
Ne8 9. Be3 Nd4 10. Rb1 Nc7 11. b4 b6 12. Qd2 e5 13. f4 Bg4 14. h3 Bxe2 15. Nxe2
Bh6 16. Nc3 Qe7 17. a3 Rae8 18. Rf2 f5 19. bxc5 dxc5 20. Rbf1 Rf7 21. Kh2 Ref8
22. a4 fxe4 23. dxe4 exf4 24. gxf4 Qh4 25. Nd5 Bg7 26. Kh1 Nce6 27. Bxd4 Nxd4
28. Kg1 Bh6 29. e5 Bxf4 30. Nxf4 Rxf4 31. Rxf4 Rxf4 32. Rxf4 Qxf4 0-1

[Event "10th Novi Sad it"]
[Site "Novi Sad"]
[Date "1983.11.01"]
[EventDate "1983.10.22"]
[Round "10.4"]
[White "Lazic, Miroljub"]
[Black "Rakic, Tomislav"]
[Result "1/2-1/2"]
[WhiteElo "2305"]
[BlackElo "2430"]
[PlyCount "82"]
[Source "Perpetual Check"]

1. e4 g6 2. d4 Bg7 3. Nf3 d6 4. Nc3 Nf6 5. Be2 O-O 6. O-O c6 7. h3 a5 8. a4 Na6
9. Bg5 Nb4 10. e5 Ne8 11. Na2 dxe5 12. dxe5 Qxd1 13. Rfxd1 f6 14. Nxb4 fxg5 15.
Bc4+ Kh8 16. Nd3 h6 17. Nc5 Bxh3 18. Nxg5 hxg5 19. gxh3 Rf4 20. Bf1 Bxe5 21.
Nd3 Rf5 22. Nxe5 Rxe5 23. Re1 Rc5 24. Rxe7 Rxc2 25. Rxb7 Nd6 26. Rd7 Nf5 27.
Re1 Rxb2 28. Re6 Rf8 29. Rxg6 Rxf2 30. Rxg5 Rf4 31. Rh5+ Kg8 32. Rg5+ Kh8 33.
Rh5+ Kg8 34. Rg5+ Kh8 35. Bg2 Rf6 36. Rd8+ Kh7 37. Rg4 Rxg4 38. hxg4 Ne3 39.
Be4+ Kh6 40. Rc8 Kg5 41. Rxc6 Rf1+ 1/2-1/2

[Event "10th Novi Sad it"]
[Site "Novi Sad"]
[Date "1983.11.01"]
[EventDate "1983.10.22"]
[Round "10.5"]
[White "Petrovic, Vojislav"]
[Black "Plachetka, Jan"]
[Result "1/2-1/2"]
[WhiteElo "2385"]
[BlackElo "2465"]
[PlyCount "89"]
[Source "Perpetual Check"]

1. e4 c6 2. d3 e5 3. f4 d6 4. Nf3 Nf6 5. c3 Nbd7 6. Be2 Be7 7. O-O O-O 8. a4 a5
9. Na3 exf4 10. Bxf4 Nc5 11. Nd4 Ne6 12. Nxe6 Bxe6 13. Nc2 d5 14. e5 Nd7 15.
Bg4 f5 16. exf6 Rxf6 17. Bxe6+ Rxe6 18. Qg4 Rg6 19. Qe2 Nc5 20. Nd4 Qd7 21. Nf3
Qg4 22. h3 Qxf4 23. Qxe7 Qf8 24. Qxf8+ Rxf8 25. Ne5 Rxf1+ 26. Kxf1 Rf6+ 27. Kg1
d4 28. cxd4 Nb3 29. Re1 Nxd4 30. Nc4 Nb3 31. Re8+ Rf8 32. Re7 b5 33. axb5 cxb5
34. Nd6 b4 35. Ra7 h6 36. Nc4 Rd8 37. Nxa5 Nxa5 38. Rxa5 Rxd3 39. Rb5 Rb3 40.
Rb7 Rxb2 41. h4 h5 42. Rb5 g6 43. Rb7 Kf8 44. Kh2 b3 45. Kg3 1/2-1/2

[Event "10th Novi Sad it"]
[Site "Novi Sad"]
[Date "1983.11.01"]
[EventDate "1983.10.22"]
[Round "10.6"]
[White "Bojkovic, Slobodan"]
[Black "Makarichev, Sergei"]
[Result "0-1"]
[WhiteElo "2360"]
[BlackElo "2510"]
[PlyCount "54"]
[Source "Perpetual Check"]

1. e4 c5 2. Nf3 Nc6 3. d4 cxd4 4. Nxd4 Nf6 5. Nc3 d6 6. Bg5 e6 7. Qd2 a6 8.
O-O-O h6 9. Be3 Be7 10. f3 Nxd4 11. Qxd4 b5 12. h4 Bb7 13. a3 Rc8 14. Be2 h5
15. Kb1 Qc7 16. Qb6 Qxb6 17. Bxb6 d5 18. exd5 Nxd5 19. Nxd5 Bxd5 20. Bd4 O-O
21. Rhg1 Rfd8 22. g4 Bc4 23. Bxc4 Rxc4 24. c3 hxg4 25. Kc2 gxf3 26. Rxg7+ Kf8
27. Rh7 Rdxd4 0-1

[Event "10th Novi Sad it"]
[Site "Novi Sad"]
[Date "1983.11.01"]
[EventDate "1983.10.22"]
[Round "10.7"]
[White "Notaros, Krasoje"]
[Black "Deze, Anton"]
[Result "1/2-1/2"]
[WhiteElo "2355"]
[BlackElo "2405"]
[PlyCount "21"]
[Source "Perpetual Check"]

1. c4 c5 2. g3 Nc6 3. Bg2 g6 4. Nf3 Bg7 5. Nc3 e5 6. O-O Nge7 7. Ne1 O-O 8. Nc2
d6 9. Ne3 Rb8 10. Ned5 Nxd5 11. Nxd5 1/2-1/2

[Event "10th Novi Sad it"]
[Site "Novi Sad"]
[Date "1983.11.02"]
[EventDate "1983.10.22"]
[Round "11.1"]
[White "Deze, Anton"]
[Black "Bjelajac, Milan"]
[Result "0-1"]
[WhiteElo "2405"]
[BlackElo "2405"]
[PlyCount "56"]
[Source "Perpetual Check"]

1. d4 f5 2. Bg5 h6 3. Bh4 c5 4. e3 Qb6 5. dxc5 Qb4+ 6. Nc3 Qxh4 7. Nd5 Kd8 8.
Nf3 Qe4 9. c4 g5 10. Bd3 Qe6 11. Nd4 Qe5 12. Qa4 Nc6 13. O-O Rb8 14. b4 e6 15.
Nxc6+ bxc6 16. f4 gxf4 17. Nxf4 Nf6 18. Ng6 Qxe3+ 19. Kh1 Rg8 20. Qa5+ Ke8 21.
Bxf5 Rb7 22. Nf4 Ne4 23. Bxe4 Qxe4 24. b5 Rg4 25. Qd2 Bxc5 26. Nh5 Bd4 27. Rad1
Rh4 28. Qxh6 Rxh2+ 0-1

[Event "10th Novi Sad it"]
[Site "Novi Sad"]
[Date "1983.11.02"]
[EventDate "1983.10.22"]
[Round "11.2"]
[White "Makarichev, Sergei"]
[Black "Notaros, Krasoje"]
[Result "1-0"]
[WhiteElo "2510"]
[BlackElo "2355"]
[PlyCount "71"]
[Source "Perpetual Check"]

1. c4 f5 2. g3 Nf6 3. Bg2 e6 4. Nf3 Be7 5. O-O O-O 6. b3 a5 7. a3 d6 8. d4 Qe8
9. Bb2 Ne4 10. Nfd2 Nxd2 11. Nxd2 Bf6 12. f4 c5 13. Nf3 Nc6 14. Qd2 Rb8 15.
dxc5 dxc5 16. Bxf6 gxf6 17. Rad1 b6 18. a4 Rf7 19. Qe3 Rd7 20. Ne5 Rxd1 21.
Rxd1 Nd4 22. Nf3 Nc6 23. Rd6 Nd8 24. Nh4 Nf7 25. Bc6 Qf8 26. Rd1 Nd8 27. Bf3
Nf7 28. Kf2 Nd6 29. Qd3 Nf7 30. e4 fxe4 31. Qxe4 e5 32. Qc6 Bb7 33. Qxf6 e4 34.
Nf5 Re8 35. Bh5 e3+ 36. Ke1 1-0

[Event "10th Novi Sad it"]
[Site "Novi Sad"]
[Date "1983.11.02"]
[EventDate "1983.10.22"]
[Round "11.5"]
[White "Cabrilo, Goran"]
[Black "Lazic, Miroljub"]
[Result "0-1"]
[WhiteElo "2450"]
[BlackElo "2305"]
[PlyCount "76"]
[Source "Perpetual Check"]

1. e4 c6 2. d4 d5 3. Nd2 dxe4 4. Nxe4 Nd7 5. Bc4 Ngf6 6. Ng5 e6 7. Qe2 Nb6 8.
Bd3 Be7 9. N1f3 O-O 10. O-O h6 11. Ne4 Nbd5 12. c4 Nxe4 13. Bxe4 Nf6 14. Bc2
Qc7 15. b3 b6 16. Bb2 Bb7 17. Rad1 Rad8 18. Qd3 Rfe8 19. Rfe1 Bd6 20. Re2 b5
21. Rde1 bxc4 22. bxc4 Be7 23. Bb1 Ba6 24. Ne5 Bb4 25. Rc1 Bd6 26. Nf3 Be7 27.
Qc2 Bb7 28. Rce1 Bc8 29. h3 Bb4 30. Rd1 Bd6 31. d5 cxd5 32. Bxf6 gxf6 33. Qh7+
Kf8 34. cxd5 Ke7 35. Nd4 Bh2+ 36. Kf1 Rxd5 37. Nf5+ Rxf5 38. Bxf5 Ba6 0-1

[Event "10th Novi Sad it"]
[Site "Novi Sad"]
[Date "1983.11.02"]
[EventDate "1983.10.22"]
[Round "11.6"]
[White "Petrosian, Arshak"]
[Black "Sunye Neto, Jaime"]
[Result "1/2-1/2"]
[WhiteElo "2460"]
[BlackElo "2490"]
[PlyCount "40"]
[Source "Perpetual Check"]

1. d4 Nf6 2. c4 e6 3. Nf3 Bb4+ 4. Nbd2 Ne4 5. e3 f5 6. Bd3 b6 7. O-O Bb7 8. Qc2
Nxd2 9. Nxd2 Qf6 10. c5 bxc5 11. Nc4 d5 12. Ne5 c6 13. a3 Ba5 14. Qxc5 Bb6 15.
Qc2 Nd7 16. f4 g5 17. a4 a5 18. fxg5 Qxg5 19. e4 Qf6 20. Nxd7 Kxd7 1/2-1/2

[Event "10th Novi Sad it"]
[Site "Novi Sad"]
[Date "1983.11.02"]
[EventDate "1983.10.22"]
[Round "11.7"]
[White "Jevtic, Miodrag"]
[Black "Tringov, Georgi"]
[Result "0-1"]
[WhiteElo "2270"]
[BlackElo "2455"]
[PlyCount "158"]
[Source "Perpetual Check"]

1. e4 c5 2. Nf3 d6 3. d4 cxd4 4. Nxd4 Nf6 5. Nc3 a6 6. g3 e5 7. Nb3 Be7 8. Bg2
O-O 9. O-O Nbd7 10. a4 b6 11. Qe2 Bb7 12. Rd1 Qc7 13. Nd2 Rac8 14. Nf1 Nc5 15.
Bg5 Ne6 16. Be3 Rfe8 17. Rac1 h6 18. f3 Nc5 19. Bf2 g6 20. Ne3 h5 21. Bh3 Rb8
22. Qc4 Bc6 23. Ned5 Nxd5 24. Nxd5 Bxd5 25. Rxd5 Qb7 26. Qa2 Nd7 27. Rcd1 Nf6
28. R5d3 Red8 29. Be3 Kg7 30. Rb3 b5 31. axb5 axb5 32. Rbd3 Ra8 33. Qb3 Ne8 34.
Bf1 Rdb8 35. R3d2 Nf6 36. h4 Qa6 37. Qd3 Qc6 38. Bg5 Ra7 39. Qb3 Ne8 40. Be3
Rc7 41. Rf2 Rcb7 42. Kh1 Bd8 43. Ra1 Bb6 44. Qd3 Nc7 45. Bh3 b4 46. Qd2 Bxe3
47. Qxe3 Nb5 48. Bf1 Nd4 49. Bd3 b3 50. c3 Ne6 51. Rff1 Rc7 52. Ra7 Qd7 53. Kg2
Nc5 54. Ra3 Ra7 55. Rfa1 Rba8 56. Rxa7 Rxa7 57. Rb1 Ra2 58. Bc4 Qa4 59. Qe2 Ra1
60. Rxa1 Qxa1 61. Bb5 Qc1 62. Kf2 f6 63. Kg2 Kf8 64. Kf2 Ke7 65. Kg2 g5 66.
hxg5 fxg5 67. f4 g4 68. fxe5 dxe5 69. Bc6 Qc2 70. Kf1 Nd3 71. Qe3 Qb1+ 72. Ke2
Nc1+ 73. Kf1 Na2+ 74. Qe1 Qxb2 75. Ba4 Nxc3 76. Qe3 Qa1+ 77. Kg2 Qxa4 78. Qc5+
Kd7 79. Qxc3 Qxe4+ 0-1

[Event "10th Novi Sad it"]
[Site "Novi Sad"]
[Date "1983.11.03"]
[EventDate "1983.10.22"]
[Round "12.1"]
[White "Bjelajac, Milan"]
[Black "Tringov, Georgi"]
[Result "1-0"]
[WhiteElo "2405"]
[BlackElo "2455"]
[PlyCount "87"]
[Source "Perpetual Check"]

1. e4 g6 2. d4 Bg7 3. Nc3 d6 4. g3 Nf6 5. Bg2 O-O 6. Nge2 Nbd7 7. O-O e5 8. h3
c6 9. a4 a5 10. Be3 Re8 11. f4 exf4 12. Bxf4 Nf8 13. g4 h5 14. gxh5 Nxh5 15.
Bh2 Ne6 16. Kh1 Ng5 17. Qd3 b6 18. Qe3 d5 19. e5 Ne6 20. Ng3 Nxg3+ 21. Bxg3 Qg5
22. Qf2 Ra7 23. Rad1 Ba6 24. Rfe1 Bh6 25. Ne2 Qe3 26. b3 Ng7 27. Ng1 Qc3 28.
Bf4 Bxf4 29. Qxf4 Qxc2 30. Rc1 Qxb3 31. Rxc6 Ne6 32. Qg4 Qb4 33. Re3 Rae7 34.
Bxd5 Bb7 35. Rd6 Bxd5+ 36. Rxd5 Qxa4 37. Rd6 Rd8 38. d5 Qxg4 39. hxg4 Rxd6 40.
exd6 Re8 41. dxe6 fxe6 42. Nf3 Rd8 43. Rd3 a4 44. d7 1-0

[Event "10th Novi Sad it"]
[Site "Novi Sad"]
[Date "1983.11.03"]
[EventDate "1983.10.22"]
[Round "12.2"]
[White "Sunye Neto, Jaime"]
[Black "Jevtic, Miodrag"]
[Result "1-0"]
[WhiteElo "2490"]
[BlackElo "2270"]
[PlyCount "69"]
[Source "Perpetual Check"]

1. c4 Nf6 2. Nf3 g6 3. g3 Bg7 4. Bg2 O-O 5. O-O d5 6. cxd5 Nxd5 7. Nc3 Nxc3 8.
bxc3 Nd7 9. Qc2 Nb6 10. Rb1 Bd7 11. d3 Ba4 12. Qd2 Bc6 13. Rb4 e5 14. d4 exd4
15. cxd4 a5 16. Rb1 Be4 17. Rb5 Ra6 18. Rd1 c6 19. Rb3 a4 20. Rb4 Re8 21. Ne5
Bxg2 22. Kxg2 Bf8 23. Rb1 f6 24. Nf3 Qd5 25. Qc2 Bd6 26. Re1 Re4 27. Kg1 Re7
28. e4 Qc4 29. Qxc4+ Nxc4 30. e5 fxe5 31. Bg5 Rf7 32. Nxe5 Nxe5 33. dxe5 Be7
34. e6 Rg7 35. Rxb7 1-0

[Event "10th Novi Sad it"]
[Site "Novi Sad"]
[Date "1983.11.03"]
[EventDate "1983.10.22"]
[Round "12.3"]
[White "Lazic, Miroljub"]
[Black "Petrosian, Arshak"]
[Result "1/2-1/2"]
[WhiteElo "2305"]
[BlackElo "2460"]
[PlyCount "28"]
[Source "Perpetual Check"]

1. e4 c5 2. c3 d5 3. exd5 Qxd5 4. d4 e6 5. Nf3 Nf6 6. Be2 cxd4 7. cxd4 Nc6 8.
Nc3 Qd8 9. O-O Be7 10. Bg5 O-O 11. Rc1 Nd5 12. Bxe7 Ndxe7 13. Bd3 g6 14. Be4
Nd5 1/2-1/2

[Event "10th Novi Sad it"]
[Site "Novi Sad"]
[Date "1983.11.03"]
[EventDate "1983.10.22"]
[Round "12.4"]
[White "Petrovic, Vojislav"]
[Black "Cabrilo, Goran"]
[Result "1/2-1/2"]
[WhiteElo "2385"]
[BlackElo "2450"]
[PlyCount "32"]
[Source "Perpetual Check"]

1. e4 c5 2. Nf3 e6 3. d4 cxd4 4. Nxd4 d6 5. Nc3 a6 6. a4 Nf6 7. g3 Be7 8. Bg2
O-O 9. O-O Qc7 10. a5 Nbd7 11. f4 Rb8 12. g4 b5 13. g5 Ne8 14. Be3 b4 15. Nce2
Nc5 16. Ng3 f6 1/2-1/2

[Event "10th Novi Sad it"]
[Site "Novi Sad"]
[Date "1983.11.03"]
[EventDate "1983.10.22"]
[Round "12.5"]
[White "Bojkovic, Slobodan"]
[Black "Rakic, Tomislav"]
[Result "1/2-1/2"]
[WhiteElo "2360"]
[BlackElo "2430"]
[PlyCount "24"]
[Source "Perpetual Check"]

1. e4 c6 2. d4 d5 3. Nc3 dxe4 4. Nxe4 Bf5 5. Ng3 Bg6 6. h4 h6 7. Nf3 Nd7 8. Bd3
Bxd3 9. Qxd3 Ngf6 10. Bf4 e6 11. O-O-O Nd5 12. Bd2 Qc7 1/2-1/2

[Event "10th Novi Sad it"]
[Site "Novi Sad"]
[Date "1983.11.03"]
[EventDate "1983.10.22"]
[Round "12.6"]
[White "Notaros, Krasoje"]
[Black "Plachetka, Jan"]
[Result "1/2-1/2"]
[WhiteElo "2355"]
[BlackElo "2465"]
[PlyCount "115"]
[Source "Perpetual Check"]

1. Nf3 Nf6 2. g3 g6 3. Bg2 Bg7 4. O-O d5 5. c4 Nc6 6. cxd5 Nxd5 7. Nc3 Nb6 8.
d3 O-O 9. Be3 h6 10. Qd2 Kh7 11. Rab1 e5 12. Bc5 Re8 13. Rfd1 Nd4 14. e3 Nxf3+
15. Bxf3 c6 16. Ne4 Be6 17. b3 Bd5 18. Qe2 Nc8 19. a4 b6 20. Ba3 Qd7 21. Bg2 f5
22. Nd2 Bxg2 23. Kxg2 Ne7 24. Bxe7 Rxe7 25. e4 Rd8 26. Nc4 f4 27. f3 h5 28.
Rbc1 Re6 29. Rc2 g5 30. h3 fxg3 31. Ne3 Rd6 32. Nf5 Rxd3 33. Rxd3 Qxd3 34. Qxd3
Rxd3 35. Rxc6 Bf8 36. Kxg3 Rxb3 37. Rc7+ Kg6 38. Rxa7 h4+ 39. Kf2 Rb2+ 40. Ke3
Rh2 41. a5 Rxh3 42. axb6 g4 43. Ra6 Rxf3+ 44. Ke2 Rb3 45. Ra8 Rb2+ 46. Kd3 Bc5
47. Rg8+ Kf6 48. Rxg4 h3 49. Rh4 h2 50. Kc3 Rf2 51. b7 Ba7 52. Rh8 Kg5 53. Kc4
Kf4 54. Nd6 Rc2+ 55. Kb3 Rc6 56. Nb5 Rb6 57. Kc4 Rxb7 58. Rxh2 1/2-1/2

[Event "10th Novi Sad it"]
[Site "Novi Sad"]
[Date "1983.11.03"]
[EventDate "1983.10.22"]
[Round "12.7"]
[White "Deze, Anton"]
[Black "Makarichev, Sergei"]
[Result "1/2-1/2"]
[WhiteElo "2405"]
[BlackElo "2510"]
[PlyCount "45"]
[Source "Perpetual Check"]

1. d4 Nf6 2. c4 e6 3. Nc3 Bb4 4. e3 O-O 5. a3 Bxc3+ 6. bxc3 b6 7. Bd3 Bb7 8. f3
Nc6 9. e4 Ne8 10. Nh3 Na5 11. e5 Qh4+ 12. Nf2 d6 13. O-O dxe5 14. dxe5 f5 15.
exf6 Nxf6 16. Nh3 e5 17. Bg5 Qh5 18. c5 e4 19. fxe4 Qxd1 20. Raxd1 Nxe4 21.
Rxf8+ Rxf8 22. Bxe4 Bxe4 23. Rd7 1/2-1/2

[Event "10th Novi Sad it"]
[Site "Novi Sad"]
[Date "1983.11.05"]
[EventDate "1983.10.22"]
[Round "13.1"]
[White "Makarichev, Sergei"]
[Black "Bjelajac, Milan"]
[Result "1/2-1/2"]
[WhiteElo "2510"]
[BlackElo "2405"]
[PlyCount "21"]
[Source "Perpetual Check"]

1. c4 f5 2. Nf3 Nf6 3. g3 d6 4. d4 g6 5. b3 Bg7 6. Bb2 e5 7. dxe5 Ng4 8. Nc3
Nxe5 9. Nxe5 Bxe5 10. Bg2 O-O 11. Qd2 1/2-1/2

[Event "10th Novi Sad it"]
[Site "Novi Sad"]
[Date "1983.11.05"]
[EventDate "1983.10.22"]
[Round "13.3"]
[White "Rakic, Tomislav"]
[Black "Notaros, Krasoje"]
[Result "1-0"]
[WhiteElo "2430"]
[BlackElo "2355"]
[PlyCount "75"]
[Source "Perpetual Check"]

1. d4 g6 2. e4 Bg7 3. Nc3 c6 4. f4 d5 5. e5 h5 6. Be3 Nh6 7. Nf3 Na6 8. g3 Nc7
9. Bg2 Bf5 10. Nh4 Be6 11. Nf3 Qd7 12. h3 a5 13. Na4 Rb8 14. Nc5 Qc8 15. Nxe6
Nxe6 16. Nh4 Nc7 17. Qd2 Ra8 18. Qd3 Nf5 19. Nxf5 Qxf5 20. Qxf5 gxf5 21. h4 e6
22. Kf2 Kd7 23. Bf3 Bf8 24. a4 Na6 25. Bd2 b6 26. Rhc1 Be7 27. c3 Rac8 28. Be2
Ra8 29. Be1 Ra7 30. Rc2 Nc7 31. b4 c5 32. bxc5 bxc5 33. c4 cxd4 34. cxd5 Nxd5
35. Bb5+ Kd8 36. Rac1 Nc3 37. Bxc3 dxc3 38. Rxc3 1-0

[Event "10th Novi Sad it"]
[Site "Novi Sad"]
[Date "1983.11.05"]
[EventDate "1983.10.22"]
[Round "13.6"]
[White "Jevtic, Miodrag"]
[Black "Lazic, Miroljub"]
[Result "1/2-1/2"]
[WhiteElo "2270"]
[BlackElo "2305"]
[PlyCount "22"]
[Source "Perpetual Check"]

1. e4 e5 2. Nf3 Nc6 3. Nc3 Nf6 4. Bb5 Bb4 5. O-O O-O 6. d3 d6 7. h3 h6 8. Ne2
Ne7 9. c3 Ba5 10. Ng3 c6 11. Ba4 Ng6 1/2-1/2

[Event "10th Novi Sad it"]
[Site "Novi Sad"]
[Date "1983.11.05"]
[EventDate "1983.10.22"]
[Round "13.7"]
[White "Tringov, Georgi"]
[Black "Sunye Neto, Jaime"]
[Result "1/2-1/2"]
[WhiteElo "2455"]
[BlackElo "2490"]
[PlyCount "35"]
[Source "Perpetual Check"]

1. e4 c5 2. Nf3 d6 3. d4 cxd4 4. Qxd4 a6 5. Bg5 Nc6 6. Qd2 Nf6 7. Nc3 b5 8.
O-O-O e6 9. e5 dxe5 10. Qxd8+ Nxd8 11. Nxe5 Be7 12. Bd3 Bb7 13. f3 Nc6 14. Nxc6
Bxc6 15. Rhe1 Rc8 16. Kb1 h6 17. Bd2 Bd6 18. Rh1 1/2-1/2